Rabbit with three teeth (KHMER) / (Record no. 48837)
| 000 -LEADER | |
|---|---|
| fixed length control field | 00343nam a2200121 4500 |
| 020 ## - INTERNATIONAL STANDARD BOOK NUMBER | |
| International Standard Book Number | 9789924350538 |
| 100 ## - MAIN ENTRY--PERSONAL NAME | |
| Personal name | Kong, Sokeng |
| 9 (RLIN) | 86232 |
| 245 ## - TITLE STATEMENT | |
| Title | Rabbit with three teeth (KHMER) / |
| Statement of responsibility, etc | Kong Sokeng |
| 260 ## - PUBLICATION, DISTRIBUTION, ETC. (IMPRINT) | |
| Place of publication, distribution, etc | Cambodia |
| Name of publisher, distributor, etc | S.J. Metta Karuna |
| Date of publication, distribution, etc | 2024 |
| 300 ## - PHYSICAL DESCRIPTION | |
| Extent | 22 p. |
| Other physical details | col. ill. |
| Dimensions | 22 cm. |
| 650 ## - SUBJECT ADDED ENTRY--TOPICAL TERM | |
| Topical term or geographic name as entry element | Khmer Fiction Book |
| 9 (RLIN) | 80281 |
| 942 ## - ADDED ENTRY ELEMENTS (KOHA) | |
| Source of classification or shelving scheme | |
| Koha item type | Book |
| Withdrawn status | Lost status | Source of classification or shelving scheme | Damaged status | Not for loan | Collection code | Home library | Current library | Date acquired | Total Checkouts | Full call number | Barcode | Checked out | Date last seen | Date checked out | Price effective from | Koha item type |
|---|---|---|---|---|---|---|---|---|---|---|---|---|---|---|---|---|
| Siem Riep | Asian Hope Primary Library | Asian Hope Primary Library | 04/21/2025 | 13 | KHMER E KON | 207851 | 04/29/2026 | 04/22/2026 | 04/22/2026 | 04/21/2025 | Book | |||||
| Siem Riep | Asian Hope Primary Library | Asian Hope Primary Library | 04/21/2025 | 12 | KHMER E KON | 207847 | 03/05/2026 | 02/26/2026 | 04/21/2025 | Book |